000 00215nam a22000857a 4500
008 170118b xxu||||| |||| 00| 0 eng d
100 _92476
_aJaisari.F.
245 _aEnglish Grammar
260 _aNew Delhi
_bPeriwinkek
_c2010
999 _c5540
_d5540